Suomen kuntien latinankieliset nimet - Statistics

Yleistilastot
  • Tätä visaa on pelattu 110 kertaa
    88 viimeisimmän päivityksen jälkeen
  • Keskiarvotulos 27 / 74
Vastaustilastot
Latinaksi Suomeksi % Oikein
Aboa Turku
100%
Helsinkium Helsinki
94%
Esboa Espoo
90%
Tammerforsia Tampere
90%
Vasa Vaasa
84%
Copio Kuopio
82%
Arx Tavastiae Hämeenlinna
80%
Uloa Oulu
80%
Borgoa Porvoo
80%
Raumoa Rauma
80%
Tornea Tornio
78%
Forsia Forssa
76%
Vantania Vantaa
76%
Brahestadium Raahe
71%
Arx Nova Savonlinna
65%
Christinaestadium Kristiinankaupunki
61%
Cajaneburgum Kajaani
59%
Oppidum Sancti Michaelis Mikkeli
59%
Fredericia Hamina
57%
Iacobstadium Pietarsaari
57%
Arctopolis Pori
57%
Kierkeslaeth Kirkkonummi
53%
Osria Carelorum Joensuu
51%
Aquilopolis Kotka
51%
Neostadiun Uusikaupunki
51%
Carolina Vetus Kokkola
49%
Colpopolis Lahti
49%
Vallis Gratiae Naantali
49%
Vetelia Veteli
49%
Hwittis Huittinen
45%
Granivicus Jyväskylä
45%
Tornea Superior Ylitornio
45%
Oppidum Sanctae Catharinae Kaarina
37%
Portus Mariae Maarianhamina
37%
Raesonia Raisio
37%
Carolina Nova Uusikaarlepyy
35%
Wegelia Seinäjoki
33%
Sustitere Kouvola
31%
Sala Uscelensis Salo
31%
Cyronia Tavastorum Hämeenkyrö
29%
Urbs Degerbyensis Loviisa
24%
Lapponia Bothniensis Lapua
22%
Gustavia Alandorum Kustavi
20%
Bellonia Sodankylä
20%
Gustavia Tavastorum Hartola
18%
Limnaea Nylandorum Järvenpää
18%
Cumoa Kokemäki
18%
Brahea Lieksa
18%
Coronium Kruunupyy
16%
Lacus Lapponicus Lappajärvi
16%
Oppidum Sancti Martini Marttila
16%
Lacus Insulae Saarijärvi
14%
Olavia Ulvila
14%
Cyronia Maior Isokyrö
10%
Trullonia Lappoensis Kauhava
10%
Flumen Album Valkeakoski
10%
Calcarium Kannus
8%
Clavivicus Kurikka
8%
Lacus Viperae Kyyjärvi
8%
Hipponia Tavastorum Orimattila
8%
Aythyopolis Sotkamo
8%
Waemo Vehmaa
8%
Haustus Amnis Kauhajoki
6%
Forsia Finnorum Koski Tl
6%
Equilonia Finnorum Oripää
6%
Quercopolis Tavastorum Tammela
6%
Insula Carolina Hailuoto
4%
Aquae Equinae Orivesi
4%
Vodoe Vårdö
4%
Insula Sancti Jacobi Brandö
2%
Petronia Septentrionalis Pedersöre
2%
Lacus Sacer Pyhäjärvi
2%
Chariovaldium Harjavalta
0%
Lampetrium Olaviorum Nakkila
0%
Ehtoja vastaavia visoja ei löytynyt
Tulosjakauma
Jokaisen tuloksen saaneiden osuus
Persentiili vastausten määrän mukaan
Tuloshistoriasi
Et ole pelannut tätä visaa sen viimeisimmän päivityksen jälkeen